Flujo de compuestos organoclorados en las cadenas tróficas de la ciénaga de Santa Marta (Registro nro. 14415)

Detalles MARC
000 -CABECERA
Campo de control 003800000a22001210004500
090 ## - CLASIFICACIÓN LOCAL
Colección AS
Consecutivo Seriadas
041 0# - IDIOMA
Código de idioma para texto/pista de sonido o título separado
100 1# - ASIENTO PRINCIPAL--NOMBRE PERSONAL
Nombre personal Campos, Néstor Hernando
245 10 - MENCION DE TITULO
Título Flujo de compuestos organoclorados en las cadenas tróficas de la ciénaga de Santa Marta
700 1# - ASIENTO SECUNDARIO - NOMBRE PERSONAL
Nombre personal Ramírez, Gustavo
773 1# - Item fuente:
Título Caldasia
Especificación de materiales 45
Descripción física 2
Paginas del Articulo 199-204
Lugar, editorial y fecha de publicación 1993
Información sobre la relación 17
942 ## - ELEMENTOS ADICIONALES (KOHA)
Tipo de ítem Artículo

No hay ítems disponibles.